[Event "III Festival A"]
[Site "Verona ITA"]
[Date "1997.01.??"]
[Round "6"]
[White "Rossi, Carlo"]
[Black "Ortega, Lexy"]
[Result "1/2-1/2"]
[WhiteElo "2320"]
[BlackElo "2460"]
[PlyCount "34"]
[EventDate "1997.01.02"]

1. e4 c5 2. Nf3 d6 3. Bb5+ Nd7 4. O-O Ngf6 5. Re1 e6 6. Bf1 b6 7. d3 g6 8. Bg5
Bg7 9. Nbd2 O-O 10. c3 h6 11. Bh4 e5 12. d4 exd4 13. cxd4 cxd4 14. Nc4 Nc5 15.
Nxd6 Qxd6 16. e5 Qd8 17. exf6 Bxf6 1/2-1/2

[Event "III Festival A"]
[Site "Verona ITA"]
[Date "1997.01.??"]
[Round "6"]
[White "Sciortino, Massimo"]
[Black "Franchini, Gabriele"]
[Result "1/2-1/2"]
[WhiteElo "1984"]
[BlackElo "2200"]
[PlyCount "80"]
[EventDate "1997.01.02"]

1. e4 e6 2. d4 d5 3. Nd2 c5 4. exd5 Qxd5 5. Ngf3 cxd4 6. Bc4 Qd8 7. Nb3 Nc6 8.
O-O Nf6 9. Nbxd4 Nxd4 10. Nxd4 a6 11. c3 Qc7 12. Bb3 Bd6 13. h3 b6 14. Re1 O-O
15. Bg5 Be7 16. Qe2 Ra7 17. Rad1 Kh8 18. Bc2 Qc5 19. Nf3 a5 20. Be3 Qc7 21. Bd4
Bd6 22. Qd2 Ra8 23. Bb1 Bb7 24. Qc2 g6 25. Ne5 Kg8 26. Qc1 Bc5 27. Qh6 Rfd8 28.
Ng4 Bxd4 29. Rxd4 Nxg4 30. Rxg4 f5 31. Rg3 Qf7 32. Qe3 Rd6 33. Bc2 Qf6 34. f4
Rad8 35. Bb3 Bd5 36. Kh2 Kf7 37. Qf2 Qh4 38. Re2 Qe7 39. Rge3 Qd7 40. Rg3 Kg7
1/2-1/2

[Event "III Festival A"]
[Site "Verona ITA"]
[Date "1997.01.??"]
[Round "6"]
[White "Turci, Stefano"]
[Black "De Vita, Gianni"]
[Result "1/2-1/2"]
[WhiteElo "2185"]
[BlackElo "2170"]
[PlyCount "35"]
[EventDate "1997.01.02"]

1. e4 c5 2. Nc3 Nc6 3. f4 e6 4. Nf3 Nge7 5. d3 Nd4 6. Be2 Nec6 7. O-O Be7 8. e5
d5 9. exd6 Bxd6 10. Ne4 Be7 11. c3 Nxe2+ 12. Qxe2 O-O 13. Be3 b6 14. d4 cxd4
15. Nxd4 Bb7 16. Rad1 Qd5 17. Nxc6 Qxc6 18. Ng5 1/2-1/2

[Event "III Festival A"]
[Site "Verona ITA"]
[Date "1997.01.??"]
[Round "6"]
[White "Ventura, Sergio"]
[Black "Caruso, Augusto"]
[Result "0-1"]
[WhiteElo "2190"]
[BlackElo "2265"]
[PlyCount "74"]
[EventDate "1997.01.02"]

1. Nf3 Nc6 2. b3 e5 3. Bb2 d6 4. e3 f5 5. d4 e4 6. d5 Nce7 7. Ng5 Nxd5 8. Bb5+
c6 9. Qxd5 Qd7 10. Nf7 cxd5 11. Bxd7+ Kxf7 12. Bb5 Be6 13. Nd2 Nf6 14. O-O-O
Be7 15. h3 Rhc8 16. Nf1 Rc5 17. Be2 Rac8 18. Rd2 a6 19. Ng3 g6 20. Bd1 Nd7 21.
Ne2 Ne5 22. Kb1 Bf6 23. Bd4 R5c6 24. Rf1 Bd8 25. c3 b5 26. Bc2 a5 27. f4 Nd7
28. b4 a4 29. Rc1 Nb6 30. Bxb6 Bxb6 31. Nd4 Bxd4 32. cxd4 Rc4 33. a3 Rc3 34.
Re2 Rxa3 35. Bd1 Ra1+ 36. Kxa1 Rxc1+ 37. Kb2 Rxd1 0-1

[Event "III Festival A"]
[Site "Verona ITA"]
[Date "1997.01.??"]
[Round "7"]
[White "Barbieri, Giovanni"]
[Black "Mollero, Michele"]
[Result "1/2-1/2"]
[WhiteElo "2150"]
[BlackElo "2050"]
[PlyCount "67"]
[EventDate "1997.01.02"]

1. e4 Nf6 2. e5 Nd5 3. Nc3 Nxc3 4. bxc3 d5 5. d4 c5 6. f4 Nc6 7. Nf3 h5 8. Be2
g6 9. O-O Bg4 10. Rb1 Rb8 11. c4 e6 12. cxd5 exd5 13. c3 Be7 14. Be3 cxd4 15.
Bxd4 O-O 16. Kh1 Bf5 17. Bd3 Qd7 18. Qc2 Bxd3 19. Qxd3 Rfc8 20. e6 Qxe6 21.
Rbe1 Qd7 22. Be5 Ra8 23. Nd4 Nxd4 24. Bxd4 f5 25. g4 hxg4 26. h3 Bc5 27. hxg4
Qh7+ 28. Kg2 Qh4 29. Bf2 Bxf2 30. Qxd5+ Kf8 31. Qd6+ Kf7 32. Qd7+ Kf8 33. Qd6+
Kf7 34. Qd7+ 1/2-1/2

[Event "III Festival A"]
[Site "Verona ITA"]
[Date "1997.01.??"]
[Round "7"]
[White "Bressanelli, Roberto"]
[Black "Genocchio, Daniele"]
[Result "0-1"]
[WhiteElo "2140"]
[BlackElo "2175"]
[PlyCount "82"]
[EventDate "1997.01.02"]

1. e4 c5 2. b4 cxb4 3. a3 bxa3 4. Nxa3 Nc6 5. Bb2 e6 6. d4 d5 7. e5 Bd7 8. Nf3
a6 9. c4 Bb4+ 10. Nd2 dxc4 11. Naxc4 b5 12. Ne3 Bc8 13. Bxb5 Bb7 14. Ba4 Nge7
15. O-O O-O 16. Nc2 Rb8 17. Nxb4 Nxb4 18. Qg4 a5 19. Ne4 Nf5 20. Nf6+ Kh8 21.
Nd7 Rg8 22. Nxb8 Qxb8 23. Ra3 Ne7 24. Bc1 Qa8 25. Bd1 Nf5 26. Bf3 Nc2 27. Bxb7
Qxb7 28. Rxa5 Ncxd4 29. Rd1 Rc8 30. Be3 Nc6 31. Rc5 h6 32. Rdc1 Nce7 33. Qc4
Rd8 34. Rc7 Qb2 35. Qc3 Qb5 36. g4 Nd5 37. Qc2 Ndxe3 38. fxe3 Nxe3 39. Qc5 Qe2
40. Qc6 Rd5 41. Rc8+ Kh7 0-1

[Event "III Festival A"]
[Site "Verona ITA"]
[Date "1997.01.??"]
[Round "7"]
[White "De Vita, Gianni"]
[Black "Pegoraro, Nicola"]
[Result "0-1"]
[WhiteElo "2170"]
[BlackElo "2065"]
[PlyCount "54"]
[EventDate "1997.01.02"]

1. e4 c5 2. c3 e5 3. d4 cxd4 4. cxd4 Nc6 5. Nf3 exd4 6. Nxd4 Nf6 7. Nc3 Bb4 8.
Bc4 d5 9. exd5 Nxd5 10. O-O Bxc3 11. bxc3 O-O 12. Ba3 Re8 13. Qh5 Nxd4 14. cxd4
Be6 15. Bd3 h6 16. Bb5 Nf6 17. Qf3 Bd5 18. Qh3 Re6 19. Rfe1 Rxe1+ 20. Rxe1 Qa5
21. Rb1 Bxa2 22. Rb2 Qe1+ 23. Bf1 Bc4 24. g3 Ne4 25. Rc2 Ng5 26. Qg2 Nf3+ 27.
Kh1 Bxf1 0-1

[Event "III Festival A"]
[Site "Verona ITA"]
[Date "1997.01.??"]
[Round "7"]
[White "De Vita, Igor"]
[Black "Zoldan, Matteo"]
[Result "0-1"]
[WhiteElo "2130"]
[BlackElo "2155"]
[PlyCount "36"]
[EventDate "1997.01.02"]

1. e4 c5 2. c3 d6 3. d4 Nf6 4. Bd3 cxd4 5. cxd4 g6 6. Nc3 Bg7 7. Nge2 O-O 8.
O-O e5 9. Kh1 Ng4 10. h3 exd4 11. Nb5 Ne5 12. Nbxd4 Nbc6 13. Bb5 Qh4 14. f4
Nxd4 15. Nxd4 Bxh3 16. Qe1 Qh5 17. gxh3 Qxh3+ 18. Kg1 Ng4 0-1

[Event "III Festival A"]
[Site "Verona ITA"]
[Date "1997.01.??"]
[Round "7"]
[White "Everet, Alexandro"]
[Black "Tommasi, Daniele"]
[Result "1/2-1/2"]
[WhiteElo "2135"]
[BlackElo "2032"]
[PlyCount "58"]
[EventDate "1997.01.02"]

1. e4 c5 2. Nf3 d6 3. Nc3 Nf6 4. Bc4 Nc6 5. h3 g6 6. d3 Bg7 7. O-O O-O 8. Be3
Na5 9. Bb3 b6 10. Qd2 Nxb3 11. axb3 d5 12. Bh6 dxe4 13. Bxg7 Kxg7 14. dxe4 Qxd2
15. Nxd2 Rd8 16. Nc4 Bb7 17. f3 Bc6 18. Rfd1 Rxd1+ 19. Rxd1 Nd7 20. Nd5 Kf8 21.
Kf2 Bxd5 22. exd5 Nf6 23. Ne5 Rd8 24. c4 Rd6 25. Nc6 e6 26. Nxa7 exd5 27. Nb5
Rd7 28. Ke2 dxc4 29. bxc4 Rxd1 1/2-1/2

[Event "III Festival A"]
[Site "Verona ITA"]
[Date "1997.01.??"]
[Round "7"]
[White "Farina, Saverio"]
[Black "Ferretti, Folco"]
[Result "0-1"]
[WhiteElo "2170"]
[BlackElo "2255"]
[PlyCount "76"]
[EventDate "1997.01.02"]

1. d4 Nf6 2. c4 e6 3. a3 d5 4. Nc3 c6 5. Nf3 dxc4 6. e4 b5 7. e5 Nd5 8. Bg5 Qb6
9. Be2 Nd7 10. a4 Bb4 11. Bd2 Bb7 12. O-O Be7 13. Ne4 a6 14. b3 cxb3 15. Qxb3
O-O 16. Qd3 h6 17. Rfb1 b4 18. Bd1 a5 19. Ng3 Rfe8 20. Bc2 Nf8 21. Nh5 f5 22.
exf6 Nxf6 23. Nxf6+ Bxf6 24. Be3 Rad8 25. Rd1 c5 26. dxc5 Qc6 27. Qc4 Bxa1 28.
Rxa1 Nd7 29. Qh4 Ne5 30. Ne1 Qd5 31. Rd1 Qxd1 32. Bxd1 Rxd1 33. c6 Nd3 34. f3
b3 35. Qh5 Bxc6 36. f4 Rc1 37. Qg6 b2 38. Qxd3 b1=Q 0-1

[Event "III Festival A"]
[Site "Verona ITA"]
[Date "1997.01.??"]
[Round "7"]
[White "Guido, Flavio"]
[Black "Sbarra, Marco"]
[Result "1-0"]
[WhiteElo "2300"]
[BlackElo "2285"]
[PlyCount "97"]
[EventDate "1997.01.02"]

1. e4 e5 2. Nf3 d6 3. d4 Nf6 4. Nc3 Nbd7 5. Bc4 Be7 6. O-O O-O 7. h3 c6 8. a4
b6 9. Qe2 a6 10. Rd1 Qc7 11. dxe5 dxe5 12. Nh4 Nc5 13. Nf3 Bb7 14. b4 Ncd7 15.
Rb1 b5 16. Bd3 Rfe8 17. Be3 Bf8 18. Qd2 h6 19. Qc1 a5 20. axb5 axb4 21. Ne2 c5
22. Nd2 Nb6 23. c4 Ra3 24. Qc2 Rea8 25. f3 Nh7 26. Nb3 Ng5 27. Ra1 Ne6 28. Rxa3
Rxa3 29. Ra1 Rxa1+ 30. Nxa1 Qb8 31. Qa2 Qa8 32. Qxa8 Bxa8 33. Nc1 Bb7 34. Ncb3
Nd4 35. Bxd4 exd4 36. f4 Na4 37. Kf2 Nb2 38. Ke2 f5 39. Nd2 Kf7 40. Nab3 Na4
41. Na5 Ba8 42. g3 Nc3+ 43. Kf3 fxe4+ 44. Bxe4 Nxe4 45. Nxe4 Ke6 46. b6 Bxe4+
47. Kxe4 Bd6 48. f5+ Ke7 49. b7 1-0

[Event "III Festival A"]
[Site "Verona ITA"]
[Date "1997.01.??"]
[Round "7"]
[White "Martorelli, Antonio"]
[Black "Sciortino, Massimo"]
[Result "1-0"]
[WhiteElo "2365"]
[BlackElo "1984"]
[PlyCount "121"]
[EventDate "1997.01.02"]

1. e4 g6 2. d4 Bg7 3. Nc3 d6 4. Be3 c6 5. Qd2 Nf6 6. O-O-O Qa5 7. Bh6 Bxh6 8.
Qxh6 b5 9. e5 dxe5 10. dxe5 Ng4 11. Qg7 Rf8 12. Nh3 b4 13. Nb1 Qxe5 14. Rd8+
Kxd8 15. Qxf8+ Kc7 16. Bc4 Nd7 17. Qxf7 Nb6 18. Nd2 Nf6 19. Nf3 Qd6 20. Rd1
Nbd5 21. Bxd5 cxd5 22. Nhg5 h6 23. Nd4 Rb8 24. Nge6+ Kb7 25. g3 Bd7 26. Re1 Rg8
27. Nf4 e5 28. Nb5 Qf8 29. Rxe5 Qxf7 30. Nd6+ Kc6 31. Nxf7 g5 32. Nd3 a5 33.
Nxh6 Rh8 34. Nf7 Rxh2 35. Nxg5 Kd6 36. Nf7+ Kc6 37. Ng5 Kc7 38. Ne6+ Kd6 39.
Nef4 Rxf2 40. Rxd5+ Nxd5 41. Nxf2 Ne3 42. b3 Ke5 43. Kb2 Kd4 44. Ne2+ Ke5 45.
c3 bxc3+ 46. Kxc3 Bb5 47. Nf4 Nf1 48. N4d3+ Kf5 49. a4 Bxd3 50. Kxd3 Nxg3 51.
Kc4 Ne2 52. Nd1 Ke6 53. Nc3 Ng3 54. Kb5 Nf5 55. Kxa5 Kd6 56. Kb6 Ne3 57. Ne2
Nc2 58. a5 Nb4 59. Nd4 Nc6 60. Nb5+ Kd5 61. Nc3+ 1-0

[Event "III Festival A"]
[Site "Verona ITA"]
[Date "1997.01.??"]
[Round "7"]
[White "Messa, Roberto"]
[Black "Corvi, Marco"]
[Result "1-0"]
[WhiteElo "2305"]
[BlackElo "2235"]
[PlyCount "63"]
[EventDate "1997.01.02"]

1. e4 Nf6 2. e5 Nd5 3. d4 d6 4. Nf3 Bg4 5. Be2 e6 6. c4 Nb6 7. exd6 cxd6 8. Nc3
Be7 9. h3 Bh5 10. d5 e5 11. g4 Bg6 12. h4 e4 13. Ng5 O-O 14. Ngxe4 Re8 15. Qd4
Na6 16. h5 Nb4 17. Kd1 Bxe4 18. Nxe4 Rc8 19. a3 Na6 20. h6 Bf6 21. Nxf6+ Qxf6
22. Qxf6 gxf6 23. b3 Nc5 24. Rh3 Re4 25. Ra2 Rce8 26. Bd3 Nbd7 27. b4 Na4 28.
Kc2 b5 29. Kb3 Ndb6 30. cxb5 Nxd5 31. Kxa4 Nc3+ 32. Kb3 1-0

[Event "III Festival A"]
[Site "Verona ITA"]
[Date "1997.01.??"]
[Round "7"]
[White "Popa, Florin"]
[Black "Peric, Slavisa"]
[Result "1-0"]
[WhiteElo "2180"]
[BlackElo "2260"]
[PlyCount "68"]
[EventDate "1997.01.02"]

1. e4 e6 2. d4 d5 3. Nd2 b6 4. c3 c6 5. e5 Ba6 6. Bxa6 Nxa6 7. Ne2 Qd7 8. O-O
Ne7 9. Ng3 g6 10. Nf3 h6 11. Re1 c5 12. h4 Nf5 13. Nxf5 gxf5 14. Be3 O-O-O 15.
a3 Kb7 16. dxc5 Nxc5 17. Bxc5 Bxc5 18. b4 Be7 19. a4 Rc8 20. Qd2 Rc4 21. a5 b5
22. a6+ Ka8 23. Nd4 Bxh4 24. Ra5 Bd8 25. Nxb5 Re4 26. Rea1 Bxa5 27. Rxa5 Rxe5
28. Nd4 Re4 29. f3 Rh4 30. Qf2 Rh5 31. Rc5 Qd6 32. Nb3 Rg8 33. f4 Qxa6 34. Ra5
Qb7 1-0

[Event "III Festival A"]
[Site "Verona ITA"]
[Date "1997.01.??"]
[Round "7"]
[White "Satta, Vladimiro"]
[Black "Bertani, Gianfranco"]
[Result "1-0"]
[WhiteElo "2245"]
[BlackElo "2029"]
[PlyCount "41"]
[EventDate "1997.01.02"]

1. e4 c5 2. c3 d5 3. exd5 Qxd5 4. d4 Nf6 5. dxc5 Qxc5 6. Nf3 e5 7. Na3 a6 8.
Nc4 Nbd7 9. Qe2 e4 10. Ng5 Qe7 11. Bf4 Nc5 12. Nd6+ Kd7 13. Qe3 Nd3+ 14. Bxd3
exd3 15. Ndxf7 Qxe3+ 16. Bxe3 Rg8 17. O-O-O Kc6 18. Rxd3 Bf5 19. Rd4 b5 20.
Rhd1 Ng4 21. Rxg4 1-0

[Event "III Festival A"]
[Site "Verona ITA"]
[Date "1997.01.??"]
[Round "7"]
[White "Sulava, Nenad"]
[Black "Rossi, Carlo"]
[Result "1/2-1/2"]
[WhiteElo "2380"]
[BlackElo "2320"]
[PlyCount "57"]
[EventDate "1997.01.02"]

1. d4 Nc6 2. Nf3 d6 3. c4 Nf6 4. Nc3 g6 5. d5 Nb8 6. e4 Bg7 7. h3 O-O 8. Bd3 c6
9. O-O a6 10. Re1 b5 11. Bg5 b4 12. Ne2 e5 13. Qd2 a5 14. a3 Na6 15. dxc6 Qe7
16. axb4 axb4 17. Bh6 Rb8 18. Ng3 Nc5 19. Rad1 Qe6 20. Bb1 Rb6 21. Nh4 Ne8 22.
Bxg7 Nxg7 23. Qh6 Qf6 24. Re3 Qe6 25. b3 Ra6 26. Rf3 Qe8 27. Qd2 Qxc6 28. Kh2
Qb7 29. Rg1 1/2-1/2

[Event "III Festival A"]
[Site "Verona ITA"]
[Date "1997.01.??"]
[Round "7"]
[White "Wohl, Aleksandar H."]
[Black "Grosar, Aljosa"]
[Result "1/2-1/2"]
[WhiteElo "2425"]
[BlackElo "2495"]
[PlyCount "77"]
[EventDate "1997.01.02"]

1. Nf3 Nf6 2. c4 c5 3. g3 d5 4. Bg2 Nc6 5. O-O g6 6. cxd5 Nxd5 7. d4 cxd4 8.
Nxd4 Bg7 9. Nb5 Nb6 10. Qxd8+ Kxd8 11. Rd1+ Bd7 12. N1c3 a6 13. Na3 Kc7 14. Be3
Bf5 15. Rac1 Rad8 16. Nab5+ axb5 17. Nxb5+ Kb8 18. Bxb6 Rxd1+ 19. Rxd1 Bxb2 20.
Bd5 Be6 21. Bxe6 fxe6 22. Rd3 Rf8 23. e4 e5 24. Kg2 Kc8 25. Rd2 Ba1 26. Na7+
Nxa7 27. Bxa7 Rd8 28. Rxd8+ Kxd8 29. Bc5 Kd7 30. f3 Bd4 31. Ba3 b5 32. Kf1 Ke6
33. Ke2 Bg1 34. Bb4 Kd7 35. h3 Bd4 36. Bd2 Kd6 37. Bh6 Bb6 38. Bg7 Bg1 39. Bh6
1/2-1/2

[Event "Torneo"]
[Site "Bergamo ITA"]
[Date "1997.??.??"]
[Round "?"]
[White "Lanzani, Mario"]
[Black "Bresciani, Nicola"]
[Result "1-0"]
[WhiteElo "2360"]
[BlackElo "2325"]
[PlyCount "103"]
[EventDate "1997.??.??"]

1. e4 c5 2. Nf3 d6 3. d4 cxd4 4. Nxd4 Nf6 5. Nc3 a6 6. Be2 e5 7. Nf5 d5 8. Bg5
d4 9. Bxf6 gxf6 10. Nb1 Bxf5 11. exf5 Qb6 12. Nd2 Bb4 13. O-O Bxd2 14. Qxd2 h5
15. c3 Nc6 16. Bc4 Rd8 17. Qe2 Ne7 18. Rad1 Nxf5 19. Qf3 Nh4 20. Qe4 Ng6 21.
cxd4 Rxd4 22. Rxd4 Qxd4 23. Qxd4 exd4 24. Rd1 Ke7 25. Rxd4 Rc8 26. h4 f5 27.
Kh2 Ne5 28. Bb3 Rc1 29. Rd1 Rc7 30. g3 b5 31. Rd5 f6 32. Kg2 Rd7 33. Rxd7+ Kxd7
34. Bd1 Ng4 35. Kf3 Ke6 36. Bb3+ Ke7 37. Bc2 Ke6 38. Kf4 Nxf2 39. Bxf5+ Kf7 40.
Bc2 Ng4 41. Bd1 Ne5 42. Bxh5+ Ke6 43. Be2 Nf7 44. g4 Nd6 45. b4 Kd5 46. h5 Ke6
47. h6 Kf7 48. Bd3 Kf8 49. h7 Kg7 50. Ke3 Nf7 51. Kd4 Ne5 52. Bf5 1-0

[Event "Torneo di Catanzaro Lido"]
[Site "Catanzaro ITA"]
[Date "1997.06.??"]
[Round "?"]
[White "Contin, Daniel"]
[Black "Efimov, Igor"]
[Result "1-0"]
[WhiteElo "2320"]
[BlackElo "2530"]
[PlyCount "63"]
[EventDate "1997.06.28"]

1. c4 Nf6 2. Nc3 e5 3. Nf3 d6 4. g3 c6 5. Bg2 Be7 6. O-O Nbd7 7. d4 O-O 8. Qc2
Qc7 9. e4 a6 10. a4 a5 11. h3 Re8 12. Be3 exd4 13. Nxd4 Nc5 14. Rad1 Bf8 15.
Rfe1 h6 16. f4 g6 17. Bf2 h5 18. Nf3 Nfd7 19. e5 dxe5 20. f5 e4 21. fxg6 f5 22.
Qc1 Nf6 23. Qg5 Qg7 24. Nh4 Re5 25. Qf4 Qc7 26. g7 Bd6 27. Qh6 Qe7 28. Qh8+ Kf7
29. g8=Q+ Nxg8 30. Qh7+ Ke8 31. Qxg8+ Kd7 32. Ng6 1-0

[Event "Torneo di Catanzaro Lido"]
[Site "Catanzaro ITA"]
[Date "1997.06.??"]
[Round "?"]
[White "Cordi', Domenico"]
[Black "Sulava, Nenad"]
[Result "0-1"]
[WhiteElo "1938"]
[BlackElo "2380"]
[PlyCount "54"]
[EventDate "1997.06.28"]

1. c4 b6 2. d4 e6 3. Nc3 Bb7 4. e3 Nf6 5. Nf3 Bb4 6. a3 Bxc3+ 7. bxc3 O-O 8.
Bd3 d6 9. O-O Nbd7 10. Re1 Ne4 11. Qc2 f5 12. Nd2 Qh4 13. g3 Qh5 14. Be2 Qg6
15. Bf3 Ndf6 16. Bg2 Ng4 17. Re2 Nxh2 18. Nxe4 Bxe4 19. Bxe4 fxe4 20. Kxh2 Qg4
21. Bb2 Rf5 22. Rh1 Rh5+ 23. Kg1 Rxh1+ 24. Kxh1 Rf8 25. Kg1 h5 26. Re1 h4 27.
Qe2 Rf3 0-1

[Event "Torneo di Catanzaro Lido"]
[Site "Catanzaro ITA"]
[Date "1997.06.??"]
[Round "?"]
[White "Ortega, Lexy"]
[Black "Barlov, Dragan"]
[Result "0-1"]
[WhiteElo "2460"]
[BlackElo "2455"]
[PlyCount "66"]
[EventDate "1997.06.28"]

1. d4 c5 2. d5 Nf6 3. c4 d6 4. Nc3 g6 5. e4 Bg7 6. Nf3 O-O 7. h3 e6 8. Bd3 Na6
9. Bg5 Nc7 10. Qd2 exd5 11. exd5 Re8+ 12. Kf1 b5 13. cxb5 Bb7 14. Bc4 Qd7 15.
Qd3 a6 16. bxa6 Bxa6 17. Nd2 Qf5 18. Qxf5 gxf5 19. Bxa6 Rxa6 20. Rd1 h6 21. Bh4
Nfxd5 22. Nxd5 Nxd5 23. g4 Bxb2 24. Nc4 Bd4 25. gxf5 Rxa2 26. Rg1+ Kh7 27. Nxd6
Ree2 28. Rg4 Bxf2 29. Nc4 Bxh4 30. Rxh4 Rf2+ 31. Kg1 Rg2+ 32. Kf1 Raf2+ 33. Ke1
Nc3 0-1

[Event "C.to Provinciale CO"]
[Site "Como ITA"]
[Date "1997.??.??"]
[Round "1"]
[White "Corti, Corrado"]
[Black "Morlotti, Massimiliano"]
[Result "1-0"]
[WhiteElo "1660"]
[BlackElo "1627"]
[PlyCount "83"]
[EventDate "1997.??.??"]

1. d4 b5 2. Nf3 Bb7 3. e3 a6 4. c4 b4 5. b3 g6 6. Bb2 Bg7 7. c5 e6 8. Nbd2 Ne7
9. Nc4 a5 10. Rc1 O-O 11. Be2 d5 12. cxd6 cxd6 13. O-O Na6 14. Qd2 f6 15. Ba1
Rc8 16. Nb2 Qd7 17. Nd3 Nc7 18. a3 bxa3 19. Qxa5 Nb5 20. Nf4 Bc6 21. Rxc6 Nxc6
22. Bxb5 Nxa5 23. Bxd7 Rb8 24. Bxe6+ Kh8 25. Nd2 Rfe8 26. Bd5 Rec8 27. Bc4 Bf8
28. Nd5 Nxc4 29. bxc4 Rb7 30. Nxf6 Be7 31. Nfe4 d5 32. cxd5 Bb4 33. Nc5 Bxd2
34. Nxb7 Rc1 35. d6 Be1 36. d7 Rxa1 37. d8=Q+ Kg7 38. Qe7+ Kh6 39. Qf8+ Kh5 40.
f3 a2 41. g4+ Kg5 42. Qf4+ 1-0

[Event "C.to Provinciale CO"]
[Site "Como ITA"]
[Date "1997.??.??"]
[Round "2"]
[White "Bellotto, Stefano"]
[Black "Perissinotto, Claudio"]
[Result "0-1"]
[WhiteElo "1725"]
[BlackElo "2029"]
[PlyCount "88"]
[EventDate "1997.??.??"]

1. d4 d5 2. c4 e6 3. Nc3 Be7 4. cxd5 exd5 5. Bf4 Nf6 6. e3 c6 7. Bd3 O-O 8. Nf3
Nbd7 9. O-O Re8 10. Qc2 Nf8 11. Bg3 Ne6 12. Nd2 g6 13. f3 Ng7 14. Bf2 Bd6 15.
Rfe1 Qc7 16. Nf1 Bd7 17. Rac1 Rac8 18. Qb1 Qd8 19. Kh1 Bf5 20. e4 dxe4 21. fxe4
Ng4 22. Bg1 Bd7 23. e5 Bc7 24. Ne4 Qh4 25. Qc2 Bf5 26. g3 Qd8 27. h3 Bxe4+ 28.
Rxe4 Nh6 29. g4 Qh4 30. Qg2 Ne6 31. Be3 Ng5 32. Bxg5 Qxg5 33. Rce1 Rcd8 34. Bc4
Kg7 35. Qf2 Bb6 36. h4 Qe7 37. e6 f5 38. gxf5 Nxf5 39. Ng3 Rf8 40. Nxf5+ Rxf5
41. Qe3 Rdf8 42. Qc3 Rf3 43. Qd2 Rh3+ 44. Kg2 Rff3 0-1

[Event "C.to Provinciale CO"]
[Site "Como ITA"]
[Date "1997.??.??"]
[Round "2"]
[White "Boncinelli, Lodovico"]
[Black "Corti, Corrado"]
[Result "1-0"]
[WhiteElo "1561"]
[BlackElo "1660"]
[PlyCount "65"]
[EventDate "1997.??.??"]

1. d4 d5 2. Nf3 Nf6 3. Bf4 e6 4. Nbd2 Bd6 5. Bg3 O-O 6. e3 b6 7. Bd3 Ba6 8.
Bxa6 Nxa6 9. c3 c5 10. Bh4 Be7 11. O-O Nb8 12. Re1 Nc6 13. Qc2 Rc8 14. Rac1 h6
15. a3 c4 16. Bxf6 Bxf6 17. e4 Bg5 18. Nxg5 Qxg5 19. Re3 f6 20. Rce1 Qg6 21.
Rg3 Qf7 22. Qd1 e5 23. exd5 Qxd5 24. Qg4 Rc7 25. Nf3 f5 26. Qh5 e4 27. Nh4 Rf6
28. Ng6 Qf7 29. Nf4 Qxh5 30. Nxh5 Rd6 31. Nf4 Kh7 32. h4 Ne5 33. dxe5 1-0

[Event "C.to Provinciale CO"]
[Site "Como ITA"]
[Date "1997.??.??"]
[Round "3"]
[White "Cairoli, Camillo"]
[Black "Corti, Corrado"]
[Result "0-1"]
[WhiteElo "1900"]
[BlackElo "1660"]
[PlyCount "110"]
[EventDate "1997.??.??"]

1. d4 d5 2. c4 e6 3. Nc3 Nf6 4. Bg5 Be7 5. e3 O-O 6. Nf3 Nbd7 7. Rc1 h6 8. Bh4
c6 9. Qc2 Ne8 10. Bg3 Bd6 11. Bxd6 Nxd6 12. c5 Ne8 13. b4 Qc7 14. Be2 e5 15.
dxe5 Nxe5 16. Nd4 f5 17. g3 Nf6 18. O-O Nfg4 19. Nd1 Qf7 20. f3 Nf6 21. Nf2 Qg6
22. Bd3 Qh5 23. Kg2 Nxd3 24. Qxd3 Bd7 25. Rfe1 Rae8 26. b5 Re7 27. bxc6 bxc6
28. Rb1 Ref7 29. Rb7 Ne4 30. Qc2 Nxf2 31. Qxf2 f4 32. Kh1 fxg3 33. Qxg3 Bh3 34.
Rxf7 Rxf7 35. Rg1 Bd7 36. Qg6 Qh3 37. Qg3 Qh5 38. Rg2 Re7 39. Re2 Qf7 40. f4
Qf6 41. Rb2 Bf5 42. Kg1 Be4 43. Rb3 Kh7 44. Ra3 Rb7 45. Ra6 Rb1+ 46. Kf2 Rb2+
47. Ke1 Rb1+ 48. Kd2 Rb2+ 49. Kc3 Rc2+ 50. Kb3 Rxc5 51. Rxa7 Bg6 52. h4 Rc1 53.
Ra6 Qf8 54. Nxc6 Rb1+ 55. Kc3 Qc5+ 0-1

[Event "C.to Provinciale CO"]
[Site "Como ITA"]
[Date "1997.??.??"]
[Round "3"]
[White "Larghi, Riccardo"]
[Black "Bellotto, Stefano"]
[Result "1-0"]
[WhiteElo "1818"]
[BlackElo "1725"]
[PlyCount "45"]
[EventDate "1997.??.??"]

1. e4 c6 2. d4 d5 3. e5 Bf5 4. Nf3 e6 5. Be2 Nd7 6. O-O c5 7. Be3 cxd4 8. Nxd4
Ne7 9. f4 Nb6 10. Nd2 a6 11. c4 dxc4 12. Nxc4 Nxc4 13. Bxc4 Qd7 14. Qf3 h5 15.
h3 h4 16. Rfd1 Qc7 17. Rac1 Nc6 18. Nxf5 exf5 19. Bd5 Rc8 20. e6 f6 21. Bxc6+
bxc6 22. Rd7 Qa5 23. Rxc6 1-0

[Event "C.to Provinciale CO"]
[Site "Como ITA"]
[Date "1997.??.??"]
[Round "4"]
[White "Corti, Corrado"]
[Black "Buonocore, Elio"]
[Result "0-1"]
[WhiteElo "1660"]
[BlackElo "2121"]
[PlyCount "98"]
[EventDate "1997.??.??"]

1. d4 f5 2. c4 Nf6 3. Nc3 g6 4. g3 Bg7 5. Bg2 d6 6. Nf3 O-O 7. O-O Qe8 8. Re1
Qf7 9. d5 Ne4 10. Ng5 Nxg5 11. Bxg5 h6 12. Be3 c5 13. Qd2 Kh7 14. f4 Nd7 15.
Kh1 Nf6 16. Bg1 Rb8 17. Rad1 a6 18. a4 Bd7 19. b3 b5 20. axb5 axb5 21. Rb1 b4
22. Nd1 Ra8 23. Qc1 Ra2 24. Nb2 Rfa8 25. Be3 Ng4 26. Bd2 Bd4 27. Nd3 Rxd2 28.
Qxd2 Bc3 29. Qc1 Bxe1 30. Nxe1 Qf6 31. Qd2 Ra1 32. Rxa1 Qxa1 33. h3 Nf2+ 34.
Kh2 Nd1 35. Bf3 Qb1 36. e4 Nc3 37. exf5 Bxf5 38. g4 Be4 39. Bxe4 Qxe4 40. Ng2
Ne2 41. f5 gxf5 42. gxf5 Nd4 43. Qf2 Qxf5 44. Qa2 Qe5+ 45. Kg1 Kg7 46. h4 Qe2
47. Qa1 Kf7 48. Kh2 Qe5+ 49. Kg1 Ne2+ 0-1

[Event "C.to Provinciale CO"]
[Site "Como ITA"]
[Date "1997.??.??"]
[Round "4"]
[White "Pede, Lucio"]
[Black "Bellotto, Stefano"]
[Result "1-0"]
[WhiteElo "1489"]
[BlackElo "1725"]
[PlyCount "88"]
[EventDate "1997.??.??"]

1. e4 c6 2. d4 d5 3. e5 Bf5 4. Bd3 Bxd3 5. Qxd3 e6 6. Nf3 Nd7 7. O-O Ne7 8. Be3
Nf5 9. Nbd2 Be7 10. c4 dxc4 11. Nxc4 Nc5 12. Nd6+ Nxd6 13. dxc5 Nf5 14. Qc3 Qc7
15. Bg5 O-O-O 16. Bxe7 Nxe7 17. b4 Ng6 18. a4 Rd5 19. b5 cxb5 20. axb5 Qxc5 21.
Qa5 Kb8 22. Rfc1 Qb6 23. Qc3 Rhd8 24. h3 h6 25. Kh2 Ne7 26. Rxa7 Kxa7 27. Qa3+
Kb8 28. Qxe7 R5d7 29. Qa3 Qa7 30. Qc3 Qxf2 31. b6 Qxb6 32. Ra1 Rd3 33. Qc2 Qb5
34. Qa2 Kc7 35. Rb1 Qd5 36. Rc1+ Kd7 37. Qa4+ Ke7 38. Rc7+ Kf8 39. Qb4+ Kg8 40.
Qe7 Rd7 41. Qe8+ Kh7 42. Rc8 Rxf3 43. Qh8+ Kg6 44. Kh1 Rf1+ 1-0

[Event "C.to Provinciale CO"]
[Site "Como ITA"]
[Date "1997.??.??"]
[Round "5"]
[White "Bellotto, Stefano"]
[Black "Laricini, Alberto"]
[Result "1-0"]
[WhiteElo "1725"]
[BlackElo "1561"]
[PlyCount "75"]
[EventDate "1997.??.??"]

1. d4 Nf6 2. c4 e6 3. Nc3 Be7 4. e3 O-O 5. Nf3 b6 6. Bd3 Bb7 7. a3 d5 8. cxd5
Nxd5 9. Bd2 c5 10. Qc2 Nf6 11. dxc5 Bxc5 12. b4 Be7 13. e4 h6 14. Bf4 Nbd7 15.
Qe2 Nh5 16. Be3 Nhf6 17. O-O Rc8 18. Bd2 Ng4 19. Rad1 Ngf6 20. h3 Qc7 21. Rc1
Qb8 22. Rfe1 e5 23. Kf1 Rfd8 24. Kg1 Nf8 25. Red1 Ne6 26. g3 Nd4 27. Nxd4 Rxd4
28. Be3 Rd7 29. f3 Rcc7 30. Qb2 Rc8 31. Qb3 Rdc7 32. Bb1 Rd8 33. Ba2 Bf8 34.
Rxd8 Qxd8 35. Rd1 Rd7 36. Qxf7+ Kh8 37. Rxd7 Nxd7 38. Qg8# 1-0